Statistics for Ariana Grandes Top Hits

Click here to take the quiz!

General Stats

  • This quiz has been taken 63 times
  • The average score is 10 of 11

Answer Stats

HintAnswer% Correct
aint got no tearsno tears left to cry
100%
ariana grande, released 11th March 2016 (clue- arianas so dangerous)dangerous woman
98%
Jessie J, Nicki Minaj, and Grande collaborationbang bang
96%
seven something ariana grande7 rings
95%
ariana grande ft iggy azeleaproblem
93%
ariana grande, nicki minaj mash up, made no.4 on billboard chartsside to side
91%
thought i'd end up with Shawnthank you next
89%
"this is the part where i say i dont wanna"break free
88%
ariana grande featuring the weekndlove me harder
88%
2016 release (clue- i**o y*u)into you
75%
ariana grande, was released in October 2015focus
59%

Score Distribution

Percentile by Number Answered

Percent of People with Each Score

Your Score History

You have not taken this quiz